Normal view
MARC view
- معارك اسلامية -تاريخ ، معارك خالد بن الوليد- الفرس
Entry Topical Term
001 - CONTROL NUMBER
- control field: 17658
003 - CONTROL NUMBER IDENTIFIER
- control field: JO-AjAnu
005 - DATE AND TIME OF LATEST TRANSACTION
- control field: 20230606073120.0
008 - FIXED-LENGTH DATA ELEMENTS
- fixed length control field: 230606|| aca||aabn | a|a d
040 ## - CATALOGING SOURCE
- Original cataloging agency: JO-AjAnu
- Transcribing agency: JO-AjAnu
150 ## - HEADING--TOPICAL TERM
- Topical term or geographic name entry element: معارك اسلامية -تاريخ ، معارك خالد بن الوليد- الفرس
670 ## - SOURCE DATA FOUND
- Source citation: Work cat.: (JO-AjAnu)9069: السامرائي، عبد الجبار محمود, author 17657, معارك خالد بن الوليد ضد الفرس